00489nam a2200157Ia 4500001000900000003000500009008004100014010001100055040000900066100002200075245009800097260006700195300001000262440003000272504002900302dia_6932CHAP220117s1967 xx 000 0 und d a178280 cCHAP aNava, Fidencio J. aEvaluación de la calidad del arroz en México /c Fidencio J. Nava y Lilia Delgado Lozano aMéxico :b Secretaría de Agricultura y Ganadería,c1967 a27 p. aFolleto miscélaneo ; 17 aBibliografía: p. 26-27